[Event "ODJM A 2022"]
[Site "Willingen GER"]
[Date "2022.06.11"]
[Round "9"]
[White "Weigand, Anton"]
[Black "Savchenko, Daniel"]
[Result "1/2-1/2"]
[Termination "normal"]
[Board "13"]
[WhiteElo "1872"]
[BlackElo "2134"]
[WhiteClock "00:51:02"]
[BlackClock "01:10:30"]
[PlyCount "45"]
[WhiteFideId "16221915"]
[BlackFideId "12919195"]
[EventCountry "GER"]
[EventRounds "9"]
[EventType "swiss"]
[EventDate "2022.06.04"]

1. e4 {[%clk 1:30:57]} c5 {[%clk 1:30:52]} 2. c3 {[%clk 1:31:19]} d5 {[%clk
1:31:16]} 3. exd5 {[%clk 1:31:44]} Qxd5 {[%clk 1:31:39]} 4. d4 {[%clk 1:32:06]}
Nf6 {[%clk 1:32:03]} 5. Nf3 {[%clk 1:32:22]} e6 {[%clk 1:32:21]} 6. Na3 {[%clk
1:32:37]} Nc6 {[%clk 1:31:52]} 7. Nb5 {[%clk 1:24:34]} Qd8 {[%clk 1:31:07]} 8.
dxc5 {[%clk 1:17:00]} Bxc5 {[%clk 1:27:41]} 9. Qxd8+ {[%clk 1:15:38]} Kxd8
{[%clk 1:28:04]} 10. Bg5 {[%clk 1:13:03]} a6 {[%clk 1:26:35]} 11. O-O-O+ {[%clk
1:12:30]} Ke7 {[%clk 1:26:46]} 12. Nbd4 {[%clk 1:11:24]} Nxd4 {[%clk 1:25:13]}
13. Nxd4 {[%clk 1:11:22]} Bd7 {[%clk 1:24:51]} 14. Be2 {[%clk 1:04:39]} Bxd4
{[%clk 1:20:26]} 15. Rxd4 {[%clk 1:04:11]} Bc6 {[%clk 1:20:46]} 16. f3 {[%clk
1:03:51]} Rhd8 {[%clk 1:19:43]} 17. Rhd1 {[%clk 1:04:07]} Rxd4 {[%clk 1:19:29]}
18. Rxd4 {[%clk 1:04:27]} h6 {[%clk 1:19:40]} 19. Bh4 {[%clk 1:03:12]} g5
{[%clk 1:15:58]} 20. Bf2 {[%clk 0:59:57]} Nd5 {[%clk 1:15:12]} 21. g3 {[%clk
0:58:08]} e5 {[%clk 1:14:29]} 22. Rd1 {[%clk 0:57:21]} f5 {[%clk 1:10:30]} 23.
c4 {[%clk 0:51:02]} 1/2-1/2

[Event "ODJM A 2022"]
[Site "Willingen GER"]
[Date "2022.06.11"]
[Round "9"]
[White "Kracht, Raphael"]
[Black "Schwartz, Oliver"]
[Result "0-1"]
[Termination "normal"]
[Board "14"]
[WhiteElo "2086"]
[BlackElo "1753"]
[WhiteClock "00:29:20"]
[BlackClock "00:02:03"]
[PlyCount "68"]
[WhiteFideId "16214382"]
[BlackFideId "16207459"]
[EventCountry "GER"]
[EventRounds "9"]
[EventType "swiss"]
[EventDate "2022.06.04"]

1. Nf3 {[%clk 1:29:44]} Nf6 {[%clk 1:30:30]} 2. Rg1 {[%clk 1:19:46]} d5 {[%clk
1:29:58]} 3. h3 {[%clk 1:18:21]} c5 {[%clk 1:29:01]} 4. g4 {[%clk 1:18:39]} Nc6
{[%clk 1:20:54]} 5. d3 {[%clk 1:17:53]} e5 {[%clk 1:10:57]} 6. g5 {[%clk
1:18:18]} Nd7 {[%clk 1:04:17]} 7. a4 {[%clk 1:18:43]} a5 {[%clk 0:59:42]} 8.
Nc3 {[%clk 1:17:45]} Nb6 {[%clk 0:57:34]} 9. e4 {[%clk 1:17:59]} Be6 {[%clk
0:53:07]} 10. h4 {[%clk 1:14:24]} Rc8 {[%clk 0:49:15]} 11. exd5 {[%clk
1:13:51]} Nxd5 {[%clk 0:49:20]} 12. Ne4 {[%clk 1:14:16]} Nd4 {[%clk 0:41:02]}
13. c3 {[%clk 1:11:30]} Nc6 {[%clk 0:41:04]} 14. h5 {[%clk 1:11:00]} Be7 {[%clk
0:36:55]} 15. Nh4 {[%clk 0:59:52]} Rc7 {[%clk 0:19:21]} 16. Qf3 {[%clk
0:59:01]} g6 {[%clk 0:16:42]} 17. Bd2 {[%clk 0:57:07]} Rd7 {[%clk 0:14:08]} 18.
Rd1 {[%clk 0:54:36]} Qb6 {[%clk 0:09:52]} 19. Bc1 {[%clk 0:54:46]} Qb3 {[%clk
0:09:05]} 20. Bh3 {[%clk 0:52:01]} Bxh3 {[%clk 0:08:30]} 21. Qxh3 {[%clk
0:52:26]} Qxa4 {[%clk 0:08:21]} 22. Nf3 {[%clk 0:52:35]} c4 {[%clk 0:05:49]}
23. Rg4 {[%clk 0:50:18]} Qc2 {[%clk 0:04:59]} 24. hxg6 {[%clk 0:40:56]} fxg6
{[%clk 0:05:19]} 25. Nf6+ {[%clk 0:39:52]} Nxf6 {[%clk 0:04:46]} 26. gxf6
{[%clk 0:39:37]} Rxd3 {[%clk 0:04:52]} 27. Bd2 {[%clk 0:40:01]} Bxf6 {[%clk
0:04:53]} 28. Rxc4 {[%clk 0:39:03]} O-O {[%clk 0:04:15]} 29. Ke2 {[%clk
0:33:01]} Re8 {[%clk 0:03:17]} 30. Re4 {[%clk 0:31:18]} Rxc3 {[%clk 0:02:17]}
31. Qg4 {[%clk 0:31:16]} Qxb2 {[%clk 0:02:11]} 32. Qd7 {[%clk 0:29:22]} Rd8
{[%clk 0:02:01]} 33. Qe6+ {[%clk 0:29:47]} Kg7 34. Ke1 {[%clk 0:29:20]} Rxf3
{[%clk 0:02:03]} 0-1

[Event "ODJM A 2022"]
[Site "Willingen GER"]
[Date "2022.06.11"]
[Round "9"]
[White "Frohnhäuser, Simon"]
[Black "Pick, Max"]
[Result "1-0"]
[Termination "normal"]
[Board "15"]
[WhiteElo "1944"]
[BlackElo "1841"]
[WhiteClock "00:50:29"]
[BlackClock "00:04:59"]
[PlyCount "113"]
[WhiteFideId "16208528"]
[BlackFideId "16210883"]
[EventCountry "GER"]
[EventRounds "9"]
[EventType "swiss"]
[EventDate "2022.06.04"]

1. e4 {[%clk 1:30:55]} d5 {[%clk 1:30:43]} 2. exd5 {[%clk 1:31:16]} Nf6 {[%clk
1:31:08]} 3. d4 {[%clk 1:31:42]} Nxd5 {[%clk 1:31:34]} 4. Nf3 {[%clk 1:32:02]}
Bg4 {[%clk 1:31:44]} 5. c4 {[%clk 1:32:28]} Nf6 {[%clk 1:32:09]} 6. Be2 {[%clk
1:32:02]} e6 {[%clk 1:31:57]} 7. O-O {[%clk 1:32:03]} Be7 {[%clk 1:23:56]} 8.
Nc3 {[%clk 1:31:21]} O-O {[%clk 1:21:14]} 9. Be3 {[%clk 1:31:23]} Nbd7 {[%clk
1:20:09]} 10. b3 {[%clk 1:30:32]} Re8 {[%clk 1:17:16]} 11. Qc2 {[%clk 1:28:54]}
Bf5 {[%clk 1:15:01]} 12. Qb2 {[%clk 1:26:29]} c5 {[%clk 1:12:50]} 13. Rad1
{[%clk 1:22:13]} cxd4 {[%clk 0:57:33]} 14. Nxd4 {[%clk 1:22:28]} Bg6 {[%clk
0:56:25]} 15. Bf3 {[%clk 1:07:45]} e5 {[%clk 0:51:39]} 16. Nc2 {[%clk 1:07:56]}
e4 {[%clk 0:51:07]} 17. Be2 {[%clk 1:08:19]} a6 {[%clk 0:49:57]} 18. Bd4 {[%clk
1:02:18]} Qa5 {[%clk 0:41:35]} 19. Ne3 {[%clk 0:56:46]} Qg5 {[%clk 0:39:51]}
20. Ncd5 {[%clk 0:56:02]} Bd8 21. Nxf6+ {[%clk 0:40:27]} Bxf6 {[%clk 0:36:27]}
22. Nd5 {[%clk 0:40:50]} Bxd4 {[%clk 0:32:33]} 23. Qxd4 {[%clk 0:41:15]} Rad8
{[%clk 0:32:12]} 24. Qa7 {[%clk 0:40:21]} f5 {[%clk 0:21:17]} 25. Qxb7 {[%clk
0:38:32]} Nc5 {[%clk 0:21:10]} 26. Qc7 {[%clk 0:38:25]} Ne6 {[%clk 0:05:30]}
27. Qg3 {[%clk 0:38:26]} Qxg3 {[%clk 0:05:18]} 28. hxg3 {[%clk 0:38:41]} Kf8
{[%clk 0:04:46]} 29. b4 {[%clk 0:37:01]} Bf7 {[%clk 0:04:48]} 30. a4 a5 {[%clk
0:04:39]} 31. bxa5 {[%clk 0:36:38]} Ra8 {[%clk 0:04:51]} 32. c5 {[%clk
0:28:56]} Nxc5 {[%clk 0:00:34]} 33. Nc7 {[%clk 0:28:18]} Rxa5 {[%clk 0:00:54]}
34. Nxe8 {[%clk 0:28:40]} Kxe8 {[%clk 0:00:59]} 35. Bb5+ {[%clk 0:28:14]} Ke7
{[%clk 0:01:16]} 36. Ra1 {[%clk 0:28:06]} Bb3 {[%clk 0:00:43]} 37. Rfc1 {[%clk
0:28:06]} Kd6 {[%clk 0:00:52]} 38. Ra3 {[%clk 0:23:55]} Bxa4 {[%clk 0:00:34]}
39. Be8 {[%clk 0:23:48]} Ra8 {[%clk 0:00:38]} 40. Bxa4 {[%clk 0:22:17]} Rxa4
{[%clk 0:00:53]} 41. Rd1+ {[%clk 0:21:55]} Ke5 {[%clk 0:30:01]} 42. Rxa4 {[%clk
0:51:28]} Nxa4 {[%clk 0:29:25]} 43. Rd7 {[%clk 0:51:55]} Kf6 {[%clk 0:29:44]}
44. Kf1 {[%clk 0:52:20]} Nc5 {[%clk 0:29:01]} 45. Ra7 {[%clk 0:52:44]} h6
{[%clk 0:28:50]} 46. Ke2 {[%clk 0:53:08]} g6 {[%clk 0:27:41]} 47. Ke3 {[%clk
0:53:23]} Kg5 {[%clk 0:27:29]} 48. Ra5 {[%clk 0:52:55]} Nd3 49. Ra6 {[%clk
0:53:18]} Nc5 {[%clk 0:20:52]} 50. Rc6 {[%clk 0:52:38]} Nd7 {[%clk 0:19:43]}
51. Kd4 {[%clk 0:51:27]} h5 {[%clk 0:12:39]} 52. Rd6 {[%clk 0:51:26]} Nf8
{[%clk 0:12:34]} 53. Ke5 {[%clk 0:49:47]} h4 {[%clk 0:05:32]} 54. gxh4+ {[%clk
0:50:03]} Kxh4 {[%clk 0:05:19]} 55. Rd8 {[%clk 0:50:23]} Ne6 {[%clk 0:04:59]}
56. Kxe6 {[%clk 0:50:32]} f4 57. Rd4 {[%clk 0:50:29]} 1-0

[Event "ODJM A 2022"]
[Site "Willingen GER"]
[Date "2022.06.11"]
[Round "9"]
[White "Kamp, Adrian"]
[Black "Struck, Lasse"]
[Result "1/2-1/2"]
[Termination "normal"]
[Board "16"]
[WhiteElo "1969"]
[BlackElo "1847"]
[WhiteClock "00:29:25"]
[BlackClock "01:02:19"]
[PlyCount "104"]
[WhiteFideId "16222466"]
[BlackFideId "16255623"]
[EventCountry "GER"]
[EventRounds "9"]
[EventType "swiss"]
[EventDate "2022.06.04"]

1. e4 {[%clk 1:30:57]} c5 {[%clk 1:30:54]} 2. Nf3 {[%clk 1:31:13]} e6 {[%clk
1:31:17]} 3. c3 {[%clk 1:31:38]} Nf6 {[%clk 1:31:42]} 4. e5 {[%clk 1:31:31]}
Nd5 {[%clk 1:32:02]} 5. g3 {[%clk 1:31:24]} d6 {[%clk 1:30:57]} 6. exd6 {[%clk
1:31:14]} Bxd6 {[%clk 1:31:12]} 7. Bg2 {[%clk 1:31:03]} O-O {[%clk 1:30:54]} 8.
O-O {[%clk 1:30:43]} e5 {[%clk 1:22:11]} 9. Re1 {[%clk 1:25:49]} Nc6 {[%clk
1:20:59]} 10. d4 {[%clk 1:24:11]} exd4 {[%clk 1:17:35]} 11. cxd4 {[%clk
1:21:43]} h6 {[%clk 1:11:12]} 12. Nc3 {[%clk 1:11:59]} Nxc3 {[%clk 1:09:04]}
13. bxc3 {[%clk 1:12:15]} cxd4 {[%clk 1:04:18]} 14. Nxd4 {[%clk 1:10:37]} Bd7
{[%clk 1:00:29]} 15. Rb1 {[%clk 1:03:41]} Rb8 {[%clk 0:58:01]} 16. Nb5 {[%clk
1:00:34]} Bf5 {[%clk 0:45:54]} 17. Rb2 {[%clk 0:55:57]} Be5 {[%clk 0:42:18]}
18. Qxd8 {[%clk 0:28:04]} Rfxd8 {[%clk 0:41:44]} 19. Bxc6 {[%clk 0:26:33]} bxc6
{[%clk 0:42:00]} 20. Rxe5 {[%clk 0:26:41]} Rd1+ {[%clk 0:41:47]} 21. Kg2 {[%clk
0:27:03]} Rxc1 {[%clk 0:42:09]} 22. Rxf5 {[%clk 0:27:22]} Rxb5 {[%clk 0:42:25]}
23. Rfxb5 {[%clk 0:27:34]} cxb5 {[%clk 0:42:52]} 24. Rxb5 {[%clk 0:27:20]} Rxc3
{[%clk 0:43:17]} 25. a4 {[%clk 0:27:36]} Ra3 {[%clk 0:43:07]} 26. Ra5 {[%clk
0:27:34]} h5 {[%clk 0:41:58]} 27. Rxa7 {[%clk 0:25:46]} g6 {[%clk 0:42:09]} 28.
a5 {[%clk 0:21:45]} Kg7 {[%clk 0:42:21]} 29. a6 {[%clk 0:19:04]} Kf6 {[%clk
0:42:02]} 30. Ra8 {[%clk 0:18:13]} Kg5 {[%clk 0:40:27]} 31. h4+ {[%clk
0:18:17]} Kf5 {[%clk 0:40:41]} 32. Kf1 {[%clk 0:17:17]} Ra2 {[%clk 0:40:07]}
33. Ra7 {[%clk 0:16:15]} Kf6 {[%clk 0:40:18]} 34. Ke1 {[%clk 0:14:22]} Ke6
{[%clk 0:39:55]} 35. Ra8 {[%clk 0:13:55]} Kf5 {[%clk 0:39:18]} 36. f3 {[%clk
0:12:32]} Ra3 {[%clk 0:37:22]} 37. Ke2 {[%clk 0:11:38]} Ra2+ {[%clk 0:34:56]}
38. Kd3 {[%clk 0:10:57]} Ra3+ {[%clk 0:34:56]} 39. Ke2 {[%clk 0:10:18]} Ra2+
{[%clk 0:35:23]} 40. Kd3 {[%clk 0:10:39]} Ra3+ {[%clk 0:35:49]} 41. Kd4 {[%clk
0:28:11]} Rxf3 {[%clk 1:03:13]} 42. Rf8 {[%clk 0:28:05]} Ra3 {[%clk 1:03:27]}
43. Rxf7+ {[%clk 0:28:23]} Kg4 {[%clk 1:01:09]} 44. Rf6 {[%clk 0:27:06]} Kxg3
{[%clk 1:01:16]} 45. Rxg6+ {[%clk 0:27:21]} Kxh4 {[%clk 1:01:34]} 46. Kc5
{[%clk 0:27:35]} Kh3 {[%clk 1:01:21]} 47. Kb6 {[%clk 0:27:51]} h4 {[%clk
1:01:09]} 48. a7 {[%clk 0:28:05]} Kh2 {[%clk 1:01:10]} 49. Kb7 {[%clk 0:28:26]}
Rxa7+ {[%clk 1:01:30]} 50. Kxa7 {[%clk 0:28:49]} h3 {[%clk 1:01:55]} 51. Rh6
{[%clk 0:29:01]} Kg2 {[%clk 1:02:19]} 52. Rxh3 {[%clk 0:29:25]} Kxh3 1/2-1/2

[Event "ODJM A 2022"]
[Site "Willingen GER"]
[Date "2022.06.11"]
[Round "9"]
[White "Brockmeyer, Tobias"]
[Black "Reimer, Philip"]
[Result "0-1"]
[Termination "normal"]
[Board "17"]
[WhiteElo "1936"]
[BlackElo "1977"]
[WhiteClock "00:04:09"]
[BlackClock "00:08:30"]
[PlyCount "118"]
[WhiteFideId "12982385"]
[BlackFideId "16235860"]
[EventCountry "GER"]
[EventRounds "9"]
[EventType "swiss"]
[EventDate "2022.06.04"]

1. d4 {[%clk 1:30:58]} Nf6 {[%clk 1:30:49]} 2. c4 {[%clk 1:31:27]} e6 {[%clk
1:31:00]} 3. Nc3 {[%clk 1:31:56]} Bb4 {[%clk 1:31:13]} 4. Qc2 {[%clk 1:32:16]}
O-O {[%clk 1:30:52]} 5. Nf3 {[%clk 1:32:45]} c5 {[%clk 1:29:05]} 6. Bf4 {[%clk
1:20:44]} cxd4 {[%clk 1:27:10]} 7. Nxd4 {[%clk 1:18:41]} d5 {[%clk 1:20:52]} 8.
e3 {[%clk 1:05:43]} Nc6 {[%clk 1:20:29]} 9. Nxc6 {[%clk 1:02:37]} bxc6 {[%clk
1:20:52]} 10. Bd3 {[%clk 1:00:03]} Re8 {[%clk 1:11:15]} 11. O-O {[%clk
0:57:20]} h6 {[%clk 1:08:43]} 12. a3 {[%clk 0:53:37]} Bf8 {[%clk 1:08:21]} 13.
b4 {[%clk 0:51:29]} e5 {[%clk 0:56:47]} 14. Bg3 {[%clk 0:51:03]} Nh5 {[%clk
0:55:40]} 15. Rfd1 {[%clk 0:44:28]} Nxg3 {[%clk 0:55:47]} 16. hxg3 {[%clk
0:41:55]} Bb7 {[%clk 0:43:49]} 17. cxd5 {[%clk 0:38:52]} cxd5 {[%clk 0:43:30]}
18. Be4 {[%clk 0:36:37]} Rc8 {[%clk 0:41:19]} 19. Rac1 {[%clk 0:33:39]} Qb6
{[%clk 0:08:50]} 20. Bxd5 {[%clk 0:29:19]} Bxd5 {[%clk 0:08:10]} 21. Rxd5
{[%clk 0:29:47]} Rc4 {[%clk 0:05:57]} 22. Qd2 {[%clk 0:25:19]} Rec8 {[%clk
0:04:54]} 23. Ne2 {[%clk 0:24:52]} Rxc1+ {[%clk 0:04:47]} 24. Nxc1 {[%clk
0:25:20]} f6 {[%clk 0:04:59]} 25. Nb3 {[%clk 0:22:20]} Qa6 {[%clk 0:05:27]} 26.
Na5 {[%clk 0:15:06]} Qe6 {[%clk 0:05:56]} 27. Rd7 {[%clk 0:13:09]} Qf5 {[%clk
0:05:11]} 28. Nb3 {[%clk 0:09:04]} Rc2 {[%clk 0:04:09]} 29. Qd5+ {[%clk
0:06:16]} Kh8 {[%clk 0:04:38]} 30. f3 {[%clk 0:04:50]} Rc8 {[%clk 0:01:55]} 31.
Qd3 {[%clk 0:01:54]} Qg5 {[%clk 0:02:02]} 32. Kf2 {[%clk 0:01:58]} f5 {[%clk
0:02:30]} 33. Rxa7 {[%clk 0:01:04]} e4 {[%clk 0:02:07]} 34. fxe4 {[%clk
0:00:44]} fxe4 {[%clk 0:02:36]} 35. Qxe4 {[%clk 0:01:13]} Bd6 {[%clk 0:03:05]}
36. Ra8 {[%clk 0:00:34]} Qxg3+ {[%clk 0:03:29]} 37. Ke2 {[%clk 0:00:56]} Bb8
{[%clk 0:03:43]} 38. Qf3 {[%clk 0:00:37]} Qd6 {[%clk 0:03:08]} 39. Nd4 {[%clk
0:00:39]} Rf8 {[%clk 0:03:37]} 40. Qe4 {[%clk 0:00:33]} Qf6 {[%clk 0:02:12]}
41. Qf5 {[%clk 0:17:47]} Qd6 {[%clk 0:31:05]} 42. Qc5 {[%clk 0:16:41]} Qf6
{[%clk 0:27:41]} 43. Qf5 {[%clk 0:10:03]} Qd6 {[%clk 0:28:04]} 44. Qe4 {[%clk
0:09:52]} Qf6 {[%clk 0:25:19]} 45. b5 {[%clk 0:01:54]} Qf2+ {[%clk 0:13:45]}
46. Kd3 {[%clk 0:01:47]} Qf1+ {[%clk 0:13:01]} 47. Kc3 {[%clk 0:01:30]} Rc8+
{[%clk 0:12:31]} 48. Nc6 {[%clk 0:00:47]} Qxb5 {[%clk 0:05:52]} 49. Rxb8 {[%clk
0:00:36]} Qxb8 {[%clk 0:05:51]} 50. Kd4 {[%clk 0:00:33]} Qd6+ {[%clk 0:05:41]}
51. Qd5 {[%clk 0:00:45]} Rxc6 {[%clk 0:05:46]} 52. Qxd6 {[%clk 0:01:09]} Rxd6+
{[%clk 0:06:10]} 53. Kc5 {[%clk 0:01:34]} Ra6 {[%clk 0:06:29]} 54. Kb4 {[%clk
0:02:01]} Re6 {[%clk 0:06:51]} 55. a4 {[%clk 0:02:26]} Rxe3 {[%clk 0:06:59]}
56. Kb5 {[%clk 0:02:46]} Re2 {[%clk 0:07:19]} 57. a5 {[%clk 0:03:12]} Rxg2
{[%clk 0:07:43]} 58. a6 {[%clk 0:03:40]} Ra2 {[%clk 0:08:08]} 59. Kb6 {[%clk
0:04:09]} g5 {[%clk 0:08:30]} 0-1

[Event "ODJM A 2022"]
[Site "Willingen GER"]
[Date "2022.06.11"]
[Round "9"]
[White "Kliashtornyi, Arkadii"]
[Black "Fuchs, Florian"]
[Result "1/2-1/2"]
[Termination "normal"]
[Board "18"]
[WhiteElo "1755"]
[BlackElo "1920"]
[WhiteClock "00:13:52"]
[BlackClock "00:34:01"]
[PlyCount "68"]
[WhiteFideId "34119698"]
[BlackFideId "16213351"]
[EventCountry "GER"]
[EventRounds "9"]
[EventType "swiss"]
[EventDate "2022.06.04"]

1. d4 {[%clk 1:30:58]} d5 {[%clk 1:30:57]} 2. Nf3 {[%clk 1:31:23]} e6 {[%clk
1:31:23]} 3. g3 {[%clk 1:31:48]} Bd6 {[%clk 1:31:49]} 4. Bg2 {[%clk 1:32:09]}
Nd7 {[%clk 1:32:16]} 5. O-O {[%clk 1:32:15]} f5 {[%clk 1:32:43]} 6. c4 {[%clk
1:32:08]} c6 {[%clk 1:33:09]} 7. Bf4 {[%clk 1:32:02]} Bxf4 {[%clk 1:32:44]} 8.
gxf4 {[%clk 1:32:30]} Ne7 {[%clk 1:32:01]} 9. Nbd2 {[%clk 1:29:30]} O-O {[%clk
1:32:02]} 10. e3 {[%clk 1:27:46]} Rf6 {[%clk 1:30:51]} 11. Ne5 {[%clk 1:23:19]}
Nxe5 {[%clk 1:30:59]} 12. fxe5 {[%clk 1:21:23]} Rh6 {[%clk 1:28:04]} 13. f4
{[%clk 1:17:20]} b6 {[%clk 1:17:56]} 14. b3 {[%clk 1:10:06]} Bb7 {[%clk
1:17:36]} 15. Qe2 {[%clk 0:57:24]} Ng6 {[%clk 1:11:15]} 16. Nf3 {[%clk
0:52:44]} Nh4 {[%clk 1:09:57]} 17. Nxh4 {[%clk 0:52:24]} Qxh4 {[%clk 1:10:21]}
18. Bf3 {[%clk 0:47:15]} Kh8 {[%clk 1:06:26]} 19. Kh1 {[%clk 0:43:56]} Rg8
{[%clk 1:02:51]} 20. Rg1 {[%clk 0:39:27]} g5 {[%clk 1:01:46]} 21. fxg5 {[%clk
0:38:19]} Rhg6 {[%clk 0:58:47]} 22. Qe1 {[%clk 0:33:30]} Qxe1 {[%clk 0:58:18]}
23. Raxe1 {[%clk 0:33:58]} Rxg5 {[%clk 0:58:31]} 24. Rxg5 {[%clk 0:34:26]} Rxg5
{[%clk 0:58:55]} 25. Rg1 {[%clk 0:34:49]} Rxg1+ {[%clk 0:47:02]} 26. Kxg1
{[%clk 0:34:17]} Kg7 {[%clk 0:46:58]} 27. Kg2 {[%clk 0:31:25]} Kg6 {[%clk
0:47:09]} 28. Kg3 {[%clk 0:31:30]} Kg5 {[%clk 0:47:33]} 29. h4+ {[%clk
0:31:15]} Kg6 {[%clk 0:47:55]} 30. Kf4 {[%clk 0:30:36]} h6 {[%clk 0:48:19]} 31.
cxd5 {[%clk 0:19:46]} cxd5 {[%clk 0:48:35]} 32. Be2 {[%clk 0:19:35]} a6 {[%clk
0:33:26]} 33. b4 {[%clk 0:13:33]} b5 {[%clk 0:33:43]} 34. a3 {[%clk 0:13:52]}
Bc6 {[%clk 0:34:01]} 1/2-1/2

[Event "ODJM A 2022"]
[Site "Willingen GER"]
[Date "2022.06.11"]
[Round "9"]
[White "Gallasch, Robin"]
[Black "Hoffmann, Kay"]
[Result "1-0"]
[Termination "normal"]
[Board "19"]
[WhiteElo "2063"]
[BlackElo "1607"]
[WhiteClock "00:44:21"]
[BlackClock "00:47:29"]
[PlyCount "45"]
[WhiteFideId "16222423"]
[BlackFideId "16227000"]
[EventCountry "GER"]
[EventRounds "9"]
[EventType "swiss"]
[EventDate "2022.06.04"]

1. d4 {[%clk 1:30:41]} d5 {[%clk 1:30:45]} 2. c4 {[%clk 1:29:20]} e6 {[%clk
1:31:07]} 3. Nc3 {[%clk 1:29:07]} c6 {[%clk 1:28:55]} 4. cxd5 {[%clk 1:29:03]}
exd5 {[%clk 1:29:16]} 5. Qc2 {[%clk 1:29:28]} Nf6 {[%clk 1:22:47]} 6. Bg5
{[%clk 1:29:27]} Be7 {[%clk 1:20:57]} 7. e3 {[%clk 1:29:45]} O-O {[%clk
1:20:40]} 8. Bd3 {[%clk 1:29:48]} Nbd7 {[%clk 1:19:43]} 9. h3 {[%clk 1:28:55]}
h6 {[%clk 1:18:18]} 10. Bf4 {[%clk 1:25:39]} Re8 {[%clk 1:15:04]} 11. Nf3
{[%clk 1:23:07]} Bb4 {[%clk 1:11:18]} 12. O-O {[%clk 1:21:47]} Bxc3 {[%clk
1:10:13]} 13. bxc3 {[%clk 1:21:58]} Ne4 {[%clk 1:09:47]} 14. c4 {[%clk
1:11:57]} Ndf6 {[%clk 0:58:52]} 15. Ne5 {[%clk 1:06:21]} Nd6 {[%clk 0:55:35]}
16. c5 {[%clk 0:58:13]} Nde4 {[%clk 0:55:47]} 17. Bh2 {[%clk 0:50:01]} Nd7
{[%clk 0:50:41]} 18. Bxe4 {[%clk 0:43:43]} Nxe5 {[%clk 0:48:46]} 19. Bh7+
{[%clk 0:44:04]} Kh8 {[%clk 0:48:33]} 20. Bxe5 {[%clk 0:44:25]} Rxe5 {[%clk
0:46:54]} 21. dxe5 {[%clk 0:44:42]} Qg5 {[%clk 0:47:19]} 22. f4 {[%clk
0:43:59]} Qg3 {[%clk 0:47:29]} 23. Rf3 {[%clk 0:44:21]} 1-0

[Event "ODJM A 2022"]
[Site "Willingen GER"]
[Date "2022.06.11"]
[Round "9"]
[White "Paeslack, Luis"]
[Black "Herter, Arne"]
[Result "1/2-1/2"]
[Termination "normal"]
[Board "20"]
[WhiteElo "1889"]
[BlackElo "1943"]
[WhiteClock "00:01:13"]
[BlackClock "00:01:08"]
[PlyCount "73"]
[WhiteFideId "12987760"]
[BlackFideId "16255372"]
[EventCountry "GER"]
[EventRounds "9"]
[EventType "swiss"]
[EventDate "2022.06.04"]

1. d4 {[%clk 1:30:57]} Nf6 {[%clk 1:30:55]} 2. c4 {[%clk 1:31:24]} g6 {[%clk
1:31:19]} 3. Nc3 {[%clk 1:31:49]} Bg7 {[%clk 1:31:44]} 4. e4 {[%clk 1:32:15]}
d6 {[%clk 1:32:06]} 5. Nf3 {[%clk 1:32:33]} O-O {[%clk 1:32:28]} 6. Be2 {[%clk
1:32:55]} e5 {[%clk 1:32:22]} 7. dxe5 {[%clk 1:33:17]} dxe5 {[%clk 1:32:44]} 8.
O-O {[%clk 1:33:40]} Be6 {[%clk 1:13:40]} 9. Qxd8 {[%clk 1:12:14]} Rxd8 {[%clk
1:14:02]} 10. Bg5 {[%clk 1:12:08]} Nbd7 {[%clk 1:03:52]} 11. Nd5 {[%clk
0:52:35]} Bxd5 {[%clk 0:57:21]} 12. cxd5 {[%clk 0:52:37]} h6 {[%clk 0:55:51]}
13. Bxf6 {[%clk 0:50:30]} Nxf6 {[%clk 0:54:03]} 14. Rac1 {[%clk 0:41:58]} Nxe4
{[%clk 0:42:49]} 15. Rxc7 {[%clk 0:37:36]} Nd6 {[%clk 0:38:18]} 16. Nd2 {[%clk
0:26:33]} Rac8 {[%clk 0:28:51]} 17. Rfc1 {[%clk 0:24:14]} Kf8 {[%clk 0:18:57]}
18. Bd3 {[%clk 0:18:01]} f5 {[%clk 0:11:16]} 19. f3 {[%clk 0:17:51]} Bf6 {[%clk
0:11:09]} 20. Kf2 {[%clk 0:09:15]} Rxc7 {[%clk 0:10:02]} 21. Rxc7 {[%clk
0:09:40]} Rc8 {[%clk 0:10:17]} 22. Rxc8+ {[%clk 0:09:01]} Nxc8 {[%clk 0:10:40]}
23. Nc4 {[%clk 0:07:26]} Ke7 {[%clk 0:05:56]} 24. g4 {[%clk 0:06:41]} fxg4
{[%clk 0:05:47]} 25. fxg4 {[%clk 0:07:08]} g5 {[%clk 0:06:00]} 26. Ke3 {[%clk
0:03:54]} b5 {[%clk 0:03:18]} 27. Nd2 {[%clk 0:03:07]} Nb6 {[%clk 0:01:46]} 28.
Ke4 {[%clk 0:02:49]} a6 {[%clk 0:01:45]} 29. Nf1 {[%clk 0:02:56]} Bg7 {[%clk
0:01:30]} 30. Ne3 {[%clk 0:02:40]} Na4 {[%clk 0:01:01]} 31. Nf5+ {[%clk
0:01:52]} Kf6 {[%clk 0:01:23]} 32. Nxg7 {[%clk 0:01:47]} Nc5+ {[%clk 0:01:41]}
33. Ke3 {[%clk 0:02:10]} Kxg7 {[%clk 0:02:07]} 34. b4 {[%clk 0:01:27]} Nb7
{[%clk 0:01:04]} 35. a4 {[%clk 0:00:54]} Nd6 {[%clk 0:00:48]} 36. axb5 {[%clk
0:01:10]} axb5 {[%clk 0:01:08]} 37. h3 {[%clk 0:01:13]} 1/2-1/2